| 000 | 00987nam a2200229Ii 4500 | ||
|---|---|---|---|
| 003 | JO-AjNU | ||
| 008 | 230605s9999||||xx |||||||||||||| ||und|| | ||
| 017 | _a2003/7/1311 | ||
| 020 | _a978-9957-07-387-7 | ||
| 040 |
_aJO-AjNU _bara _erda _cJO-AjNU |
||
| 041 | _aara | ||
| 050 | 1 | 4 | _aLC4704.S25 2017 |
| 100 | 3 |
_aتاليف:سالم،محمود عوض الله، م. مشارك مجدي محمد الشحات، م. مشارك احمد حسن عاشور, _eauthor _960628 |
|
| 245 | 0 | 0 | _aصعوبات التعلم: التشخيص والعلاج=Learning Disabilities: Diagnosis&Treatment |
| 250 | _aالطبعة الرابعة | ||
| 264 | 3 | 1 | _aعمان: دار الفكر ناشرون وموزعون، 2017 |
| 300 |
_a312ص _b ويحتوي على قائمة مراجع من ص303ص- 312ص |
||
| 336 |
_atext _btxt _2rdacontent |
||
| 337 |
_aunmediated _bn _2rdamedia |
||
| 338 |
_avolume _bnc _2rdacarrier |
||
| 650 | 4 |
_aصعوبات التعلم- التربية الخاصة _960629 |
|
| 999 |
_aA27350 _c30918 _d30918 |
||